Central Library OPAC University of Rajshahi

Introduction to psychology / (Record no. 31335)

MARC details
000 -LEADER
fixed length control field 00860nam a22002892a 4500
001 - CONTROL NUMBER
control field 31335
003 - CONTROL NUMBER IDENTIFIER
rucl marc code BD-RjUL
005 - DATE AND TIME OF LATEST TRANSACTION
control field 20211209051704.0
008 - FIXED-LENGTH DATA ELEMENTS--GENERAL INFORMATION
fixed length control field 140415s19711956nyua b 001 0 eng d
035 ## - SYSTEM CONTROL NUMBER
System control number (BD-RjUL)31422
040 ## - CATALOGING SOURCE
Original cataloging agency DLC
Transcribing agency CMC
Modifying agency DLC
-- OCL
-- NLM
-- UKM
-- EQO
-- BD-RjUL
Language of cataloging eng
041 ## - LANGUAGE CODE
Language code of text/sound track or separate title eng
060 #0 - NATIONAL LIBRARY OF MEDICINE CALL NUMBER
Classification number BF 121
Item number M847i 1966
082 ## - DEWEY DECIMAL CLASSIFICATION NUMBER
Classification number 150
Author mark and year MOI 1971
100 1# - MAIN ENTRY--PERSONAL NAME
Personal name Morgan, Clifford Thomas.
9 (RLIN) 66510
245 10 - TITLE STATEMENT
Title Introduction to psychology /
Statement of responsibility, etc. Clifford T. Morgan [and] Richard A. King
250 ## - EDITION STATEMENT
Edition statement 4th ed
260 ## - PUBLICATION, DISTRIBUTION, ETC. (IMPRINT)
Place of publication, distribution, etc. New York :
Name of publisher, distributor, etc. McGraw-Hill,
Date of publication, distribution, etc. c1971.
300 ## - PHYSICAL DESCRIPTION
Pagination xiii, 784 p. :
Illustrations illus. ;
Size 25 cm
504 ## - BIBLIOGRAPHY, ETC. NOTE
Bibliography, etc Includes bibliographies and index.
650 #0 - SUBJECT ADDED ENTRY--TOPICAL TERM
Topical term or geographic name as entry element Psychology
9 (RLIN) 66511
Topical term or geographic name as entry element Psychology
9 (RLIN) 66512
700 1# - ADDED ENTRY--PERSONAL NAME
Personal name King, Richard Austin.
942 ## - ADDED ENTRY ELEMENTS (KOHA)
Source of classification or shelving scheme Dewey Decimal Classification
Koha item type Books
Holdings
Lost status Source of classification or shelving scheme Damaged status Not for loan Collection code Permanent Location Current Location Shelving location Date acquired Source of acquisition Cost, normal purchase price Total Checkouts Full call number Date last seen Date checked out Copy number Koha item type
  Dewey Decimal Classification     Non-fiction Central Library, University of Rajshahi Central Library, University of Rajshahi   01/06/1966 W.U.S. 0.00 1 150 MOI 1971 18/07/2019 10/07/2019 C-2 Books
  Dewey Decimal Classification   Not For Loan Non-fiction Central Library, University of Rajshahi Central Library, University of Rajshahi Reading Room 30/04/2025       150 MOI 1971 30/04/2025   C-1 Books